Construction procurement by Dutch Municipalities (Record no. 52602)
[ view plain ]
| 000 -LEADER | |
|---|---|
| fixed length control field | 01056cab a2200277 4500 |
| 001 - CONTROL NUMBER | |
| control field | ABS58197 |
| 008 - FIXED-LENGTH DATA ELEMENTS--GENERAL INFORMATION | |
| fixed length control field | 090401t1997 xxu||||| |||| 00| 0 eng d |
| 035 ## - SYSTEM CONTROL NUMBER | |
| System control number | (Sirsi) u83299 |
| 041 ## - LANGUAGE CODE | |
| Language code of text/sound track or separate title | eng |
| 100 ## - MAIN ENTRY--PERSONAL NAME | |
| Personal name | Doree, A. |
| 245 ## - TITLE STATEMENT | |
| Title | Construction procurement by Dutch Municipalities |
| 260 ## - PUBLICATION, DISTRIBUTION, ETC. | |
| Date of publication, distribution, etc. | 1997 |
| 350 ## - PRICE (NR) (BK AM CF MU VM SE) [OBSOLETE] | |
| Price | 0 |
| 490 ## - SERIES STATEMENT | |
| Series statement | Journal of Construction Procurement |
| Volume/sequential designation | 3(3) November 1997, 78-88(11) |
| 520 ## - SUMMARY, ETC. | |
| Summary, etc. | Focuses on the procurement practice of the municipalities in the Netherlands. Statistical data suggest that Dutch municipalities prefer limited tendering procedures, and seem to avoid public tender procedures. This paper reports on research into the reasons for such preference. (Taken from the journal abstract.) References. |
| 650 ## - SUBJECT ADDED ENTRY--TOPICAL TERM | |
| Topical term or geographic name entry element | CONSTRUCTION PROCUREMENT |
| 650 ## - SUBJECT ADDED ENTRY--TOPICAL TERM | |
| Topical term or geographic name entry element | EUROPEAN DIRECTIVES |
| 650 ## - SUBJECT ADDED ENTRY--TOPICAL TERM | |
| Topical term or geographic name entry element | NETHERLANDS |
| 650 ## - SUBJECT ADDED ENTRY--TOPICAL TERM | |
| Topical term or geographic name entry element | PROCUREMENT PROCEDURES |
| 650 ## - SUBJECT ADDED ENTRY--TOPICAL TERM | |
| Topical term or geographic name entry element | RESEARCH |
| 650 ## - SUBJECT ADDED ENTRY--TOPICAL TERM | |
| Topical term or geographic name entry element | TENDER PROCEDURES |
| 650 ## - SUBJECT ADDED ENTRY--TOPICAL TERM | |
| Topical term or geographic name entry element | TENDERING PROCEDURES |
| 690 ## - LOCAL SUBJECT ADDED ENTRY--TOPICAL TERM (OCLC, RLIN) | |
| Topical term or geographic name as entry element | OVERSEAS-EUROPE |
| 942 ## - ADDED ENTRY ELEMENTS (KOHA) | |
| Suppress in OPAC | 0 |
| 948 ## - LOCAL PROCESSING INFORMATION (OCLC); SERIES PART DESIGNATOR (RLIN) | |
| c (OCLC) | 26/01/1998 |
| Withdrawn status | Lost status | Source of classification or shelving scheme | Damaged status | Not for loan | Home library | Current library | Shelving location | Date acquired | Total Checkouts | Full call number | Barcode | Date last seen | Copy number | Price effective from | Koha item type |
|---|---|---|---|---|---|---|---|---|---|---|---|---|---|---|---|
| Dewey Decimal Classification | London | London | Journal article | 14/09/1999 | ABS58197 | 83299-1001 | 06/08/2019 | 1 | 06/08/2019 | Journal article |